| 000 | 00578nam a2200193Ia 4500 | ||
|---|---|---|---|
| 005 | 20221229151351.0 | ||
| 008 | 131103s9999 xx 000 0 und d | ||
| 040 | _aLoreto College | ||
| 041 | _aEnglish | ||
| 082 |
_a822.108 _bMAL |
||
| 245 |
_aMiracle plays _b seven medieval plays for modern players _cadapted by Anne Malcolmson; illustrated by Pauline Baynes |
||
| 260 |
_aLondon _bConstable _c1960 |
||
| 300 |
_a[16],142 p. _b ill. |
||
| 650 | _aEnglish Drama | ||
| 651 | _a1066-1400 - Plays - Collections | ||
| 700 | _aMalcolmson, Ann | ||
| 850 | _aLCLIB | ||
| 942 | _cBK | ||
| 999 |
_c6731 _d57210 |
||